Vzťahy medzi štátnym rozpočtom a rozpočtami územných samospráv v rokoch 2005-2011 a ich kvantifikácia na Slovensku bakalárska práca

Saved in:
Bibliographic Details
Main Author: Sák, Andrej
Corporate Author: Národohospodárska fakulta EU. Katedra financií
Other Authors: Neupauerová, Zuzana
Format: Book
Language:Slovak
Published: Bratislava 2013
Tags: Add Tag
No Tags, Be the first to tag this record!

MARC

LEADER 00000nbm a2200000 4500
001 0172524
005 20161109112058.4
041 0 |a slo 
044 |a SK 
245 1 0 |a Vzťahy medzi štátnym rozpočtom a rozpočtami územných samospráv v rokoch 2005-2011 a ich kvantifikácia na Slovensku  |b bakalárska práca  |c Andrej Sák ; školiteľ: Zuzana Neupauerová 
264 1 |a Bratislava  |c 2013 
300 |a 33 s. 
100 1 |a Sák, Andrej 
700 1 |a Neupauerová, Zuzana 
710 2 |a Národohospodárska fakulta EU. Katedra financií